Pyramide de mots n°15 - Statistiques

Statistiques générales
  • Ce quiz a été pris 472 fois
  • Le résultat moyen est 3 sur 6
Statistiques - réponses
Lettres Indices Mots % Correct
E,T Pronom réfléchi Te
99%
Terrorisme basque ETA
51%
Animal ou espion Taupe
49%
Oter un membre Amputer
47%
Outil pour tenir Etau
37%
Prairie pour animaux Pâture
28%
Aucun quiz correspondant
Distribution des résultats
% des personnes avec chaque résultat
Percentile par nombre de réponses
Votre historique - résultats
Vous n’avez pas pris ce quiz